| 000 | 01104cam a2200337 i 4500 | ||
|---|---|---|---|
| 001 | 0000574 | ||
| 003 | DO-SdBPM | ||
| 005 | 20260515121347.0 | ||
| 007 | ta | ||
| 008 | 100514s 2005 sp a 000 f spa | ||
| 015 | _a | ||
| 017 |
_a _b |
||
| 020 |
_a849650719X _c |
||
| 020 | _a849650719X (v. 1) | ||
| 035 | _a | ||
| 040 |
_aBPMSU _bspa _cBPMSU _e |
||
| 080 | _a | ||
| 082 | 0 | 4 |
_a941.5946 _bA288m 2005 _2 22 |
| 100 |
_aaIbáñez, Francisco, _d1936- _4aut. _eautor |
||
| 245 | 0 | 4 |
_aMortadelo y Filemón / _cguión e ilustraciones de F. Ibáñez _b |
| 260 |
_aEspaña : _bUnidad editorial, _c2005. |
||
| 300 |
_av. : _bil. _c22 m |
||
| 490 | 0 |
_aBiblioteca el mundo ; _aLas mejores historietas del cómic español. antología de nuestros grandes personajes |
|
| 500 | _a | ||
| 505 | 0 |
_g: El cacao espacial, -- Los kilociclos asesinos, Barcelona 92 y Los Superpoderes _t |
|
| 590 | _aInventariado, 2026/VM | ||
| 650 | 7 | _aHumorismo gráfico español. | |
| 650 | 7 |
_aAventuras _vTiras cómicas, historietas, e |
|
| 910 | _aVMateo V. Control de calidad. BPMSU | ||
| 942 |
_2ddc _cBK |
||
| 999 |
_c11034 _d11034 |
||